[Event "Robecchetto op-A 21th"]
[Site "Robecchetto"]
[Date "2010.12.28"]
[Round "2"]
[White "Mazzariol, Oscar"]
[Black "Barlocco, Carlo"]
[Result "0-1"]
[WhiteElo "2089"]
[BlackElo "2168"]
[PlyCount "94"]
[EventDate "2010.12.27"]
[EventType "swiss"]
[EventRounds "6"]
[EventCountry "ITA"]
[SourceTitle "EXT 2024"]
[Source "ChessBase"]
[SourceDate "2023.10.10"]
[SourceVersion "1"]
[SourceVersionDate "2023.10.10"]
[SourceQuality "1"]

1. e4 d6 2. d4 Nf6 3. Nc3 a6 4. f4 d5 5. e5 Ng8 6. Nf3 h5 7. Bd3 g6 8. Be3 Nh6 9. Qd2 Bf5 10. 0-0-0 Qd7 11. h3 Nc6 12. Bxf5 Nxf5 13. g4 Nxe3 14. Qxe3 0-0-0 15. Ng5 e6 16. Nf3 Be7 17. Kb1 Rh7 18. Ne2 hxg4 19. hxg4 Rdh8 20. Ng3 Rxh1 21. Rxh1 Rxh1+ 22. Nxh1 Qe8 23. Nf2 Qh8 24. Qd2 Bh4 25. Nd3 Be7 26. Qg2 Qh6 27. c3 Qh7 28. g5 Qh5 29. Nf2 Bf8 30. Ng4 Bg7 31. Kc2 Ne7 32. Ne3 b6 33. b4 Nc6 34. Nd2 Bf8 35. a3 Qh4 36. Qf1 Kb7 37. Qf3 Qe1 38. Nb3 a5 39. b5 Ne7 40. c4 a4 41. Nc1 c6 42. bxc6+ Nxc6 43. Ne2 Qxe2+ 44. Qxe2 Nxd4+ 45. Kd2 Nxe2 46. Kxe2 dxc4 47. Nxc4 b5 0-1

[Event "Milan Crespi op-A 31st"]
[Site "Milan"]
[Date "2010.12.09"]
[Round "7"]
[White "Mazzariol, Oscar"]
[Black "Formento, Paolo"]
[Result "1-0"]
[WhiteElo "2089"]
[BlackElo "1976"]
[PlyCount "81"]
[EventDate "2010.12.04"]
[EventType "swiss"]
[EventRounds "9"]
[EventCountry "ITA"]
[SourceTitle "CBM 139 Extra"]
[Source "ChessBase"]
[SourceDate "2011.01.05"]
[SourceVersion "1"]
[SourceVersionDate "2011.01.05"]
[SourceQuality "1"]

1. e4 e5 2. Nf3 Nc6 3. Bb5 a6 4. Ba4 f5 5. Nc3 fxe4 6. Bxc6 dxc6 7. Nxe4 Bg4 8. d3 Be7 9. h3 Bxf3 10. Qxf3 Nf6 11. Bg5 Nxe4 12. Bxe7 Qxe7 13. Qxe4 0-0 14. 0-0 Qg5 15. Rae1 Rae8 16. Re2 Re7 17. f4 Qf6 18. d4 Qf7 19. dxe5 Qxa2 20. b3 Qa5 21. f5 Qc5+ 22. Kh1 Qd5 23. c4 Qxe4 24. Rxe4 Rd8 25. Re3 Rd4 26. g4 b5 27. cxb5 cxb5 28. g5 g6 29. f6 Re6 30. Rc1 Rd7 31. Rc5 c6 32. b4 Ra7 33. Rd3 Re8 34. Rd6 a5 35. e6 Kf8 36. bxa5 Rxa5 37. Rcxc6 b4 38. Rc7 Re5 39. Rf7+ Kg8 40. Rg7+ Kh8 41. Rdd7 1-0

[Event "Milan Crespi op-A 31st"]
[Site "Milan"]
[Date "2010.12.08"]
[Round "5"]
[White "Bemporad, Filippo"]
[Black "Mazzariol, Oscar"]
[Result "1-0"]
[WhiteElo "2068"]
[BlackElo "2089"]
[PlyCount "73"]
[EventDate "2010.12.04"]
[EventType "swiss"]
[EventRounds "9"]
[EventCountry "ITA"]
[SourceTitle "CBM 139 Extra"]
[Source "ChessBase"]
[SourceDate "2011.01.05"]
[SourceVersion "1"]
[SourceVersionDate "2011.01.05"]
[SourceQuality "1"]

1. d4 Nf6 2. Nf3 e6 3. g3 Nc6 4. Bg2 b6 5. 0-0 Bb7 6. c4 Be7 7. Nc3 0-0 8. d5 exd5 9. cxd5 Nb4 10. Nh4 d6 11. Nf5 c6 12. dxc6 Bxc6 13. Bxc6 Nxc6 14. Bg5 Ne8 15. Nxe7+ Nxe7 16. Nd5 f6 17. Nxe7+ Kh8 18. Bxf6 Nxf6 19. Nd5 Rc8 20. Nxf6 Qxf6 21. Qd2 Rc5 22. b4 Rf5 23. f3 d5 24. Rad1 h5 25. Qd4 Qf7 26. Rd2 Re8 27. Kf2 Re4 28. Qc3 Qe7 29. Qc8+ Rf8 30. Qc6 Rf5 31. a3 Rc4 32. Qg6 Re5 33. f4 Re6 34. Qxh5+ Rh6 35. Qxd5 Rxh2+ 36. Kg1 Rxe2 37. Qh5+ 1-0

[Event "Milan Crespi op-A 31st"]
[Site "Milan"]
[Date "2010.12.08"]
[Round "6"]
[White "Virzi, Ettore"]
[Black "Mazzariol, Oscar"]
[Result "1/2-1/2"]
[WhiteElo "2000"]
[BlackElo "2089"]
[PlyCount "80"]
[EventDate "2010.12.04"]
[EventType "swiss"]
[EventRounds "9"]
[EventCountry "ITA"]
[SourceTitle "CBM 139 Extra"]
[Source "ChessBase"]
[SourceDate "2011.01.05"]
[SourceVersion "1"]
[SourceVersionDate "2011.01.05"]
[SourceQuality "1"]

1. e4 e5 2. Nf3 Nc6 3. Bb5 a6 4. Ba4 Nf6 5. 0-0 Be7 6. Re1 b5 7. Bb3 0-0 8. h3 d6 9. c3 Na5 10. Bc2 c5 11. d4 Qc7 12. Nbd2 Nc6 13. d5 Nb8 14. a4 Ra7 15. Nf1 Ne8 16. Ng3 g6 17. Nh2 f5 18. exf5 gxf5 19. Bh6 Rf7 20. axb5 axb5 21. Rxa7 Qxa7 22. Nxf5 Nf6 23. Qf3 Kh8 24. Bg5 Bxf5 25. Qxf5 Qd7 26. Bxf6+ Bxf6 27. Qh5 Na6 28. Bf5 Qe7 29. Ra1 Nc7 30. Ng4 Rg7 31. Nxf6 Qxf6 32. Be4 Rf7 33. Qe2 Qg5 34. g3 Kg7 35. Qg4 Qxg4 36. hxg4 Ne8 37. Ra6 h6 38. Kg2 Rb7 39. f3 b4 40. c4 Kf6 1/2-1/2

[Event "Milan Crespi op-A 31st"]
[Site "Milan"]
[Date "2010.12.04"]
[Round "1"]
[White "Mazzariol, Oscar"]
[Black "Bellia, Fabrizio"]
[Result "0-1"]
[WhiteElo "2089"]
[BlackElo "2399"]
[PlyCount "44"]
[EventDate "2010.12.04"]
[EventType "swiss"]
[EventRounds "9"]
[EventCountry "ITA"]
[SourceTitle "CBM 139 Extra"]
[Source "ChessBase"]
[SourceDate "2011.01.05"]
[SourceVersion "1"]
[SourceVersionDate "2011.01.05"]
[SourceQuality "1"]

1. e4 e5 2. Nf3 Nc6 3. Bb5 a6 4. Ba4 Nf6 5. Qe2 b5 6. Bb3 Bc5 7. a4 Rb8 8. axb5 axb5 9. Nc3 0-0 10. 0-0 d6 11. Nd5 Bg4 12. c3 Nxd5 13. Bxd5 Ne7 14. Ba2 Ng6 15. b4 Nh4 16. d3 Bb6 17. Kh1 Qf6 18. Bg5 Qxg5 19. Nxg5 Bxe2 20. Rfe1 Bxd3 21. Kg1 h6 22. Nf3 Nxf3+ 0-1

[Event "Senigallia Perini Memorial 3rd"]
[Site "Senigallia"]
[Date "2009.08.09"]
[Round "9"]
[White "Mazzariol, Oscar"]
[Black "Rombaldoni, Axel"]
[Result "0-1"]
[WhiteElo "2067"]
[BlackElo "2425"]
[PlyCount "71"]
[EventDate "2009.08.01"]
[EventType "swiss"]
[EventRounds "9"]
[EventCountry "ITA"]
[SourceTitle "EXT 2010"]
[Source "ChessBase"]
[SourceDate "2010.11.25"]
[SourceVersion "1"]
[SourceVersionDate "2010.11.25"]
[SourceQuality "1"]

1. d4 d5 2. c4 e6 3. Nc3 c6 4. e3 Bd6 5. f4 Nf6 6. Nf3 0-0 7. Be2 dxc4 8. Bxc4 c5 9. 0-0 cxd4 10. Nxd4 a6 11. Nf3 b5 12. Bd3 Bb7 13. Ng5 h6 14. Nge4 Nxe4 15. Nxe4 Be7 16. Qe2 f5 17. Nf2 Nc6 18. Rd1 Qb6 19. e4 Nd4 20. Qe1 Rad8 21. Be3 Bc5 22. Kh1 Nc2 23. Bxc5 Qxc5 24. Bxc2 Qxc2 25. exf5 exf5 26. Qe6+ Kh7 27. Rxd8 Rxd8 28. Qb6 Qxb2 29. Rf1 Qe2 30. Kg1 Rd7 31. Qc5 Bd5 32. a3 a5 33. Qc3 Bc4 34. Re1 Qd2 35. Qe5 Rd5 36. Qc7 0-1

[Event "Senigallia Perini Memorial 3rd"]
[Site "Senigallia"]
[Date "2009.08.06"]
[Round "6"]
[White "Raselli, Claudio"]
[Black "Mazzariol, Oscar"]
[Result "0-1"]
[WhiteElo "1984"]
[BlackElo "2067"]
[PlyCount "64"]
[EventDate "2009.08.01"]
[EventType "swiss"]
[EventRounds "9"]
[EventCountry "ITA"]
[SourceTitle "EXT 2010"]
[Source "ChessBase"]
[SourceDate "2010.11.25"]
[SourceVersion "1"]
[SourceVersionDate "2010.11.25"]
[SourceQuality "1"]

1. d4 Nf6 2. Bg5 g6 3. Bxf6 exf6 4. e3 Bg7 5. Ne2 b6 6. c4 f5 7. Nbc3 Bb7 8. Nf4 0-0 9. Be2 Re8 10. 0-0 d6 11. Bf3 c6 12. Rc1 a6 13. b4 Qd7 14. Qb3 Ra7 15. Rfd1 Bh8 16. c5 b5 17. cxd6 g5 18. Nd3 Qxd6 19. Nc5 Bc8 20. a4 Nd7 21. axb5 axb5 22. Ra1 Rxa1 23. Rxa1 g4 24. Be2 Nxc5 25. bxc5 Qf6 26. Ra8 Kf8 27. g3 h5 28. h4 gxh3 29. Bxh5 f4 30. Ne4 Qf5 31. Nd6 Qxh5 32. Nxe8 Qf3 0-1

[Event "Senigallia Perini Memorial 3rd"]
[Site "Senigallia"]
[Date "2009.08.05"]
[Round "5"]
[White "Mazzariol, Oscar"]
[Black "Di Trapani, Davide"]
[Result "1/2-1/2"]
[WhiteElo "2067"]
[BlackElo "1883"]
[PlyCount "69"]
[EventDate "2009.08.01"]
[EventType "swiss"]
[EventRounds "9"]
[EventCountry "ITA"]
[SourceTitle "EXT 2010"]
[Source "ChessBase"]
[SourceDate "2010.11.25"]
[SourceVersion "1"]
[SourceVersionDate "2010.11.25"]
[SourceQuality "1"]

1. d4 d5 2. c4 e6 3. Nc3 Nf6 4. cxd5 exd5 5. Bg5 Be7 6. e3 Bf5 7. Bxf6 Bxf6 8. Qb3 c6 9. Qxb7 Qb6 10. Qxb6 axb6 11. Nf3 0-0 12. Kd2 Rd8 13. Bd3 Bxd3 14. Kxd3 c5 15. Rhc1 Nc6 16. a4 c4+ 17. Ke2 Rd7 18. b3 Na5 19. Nd2 Re8 20. Kd1 cxb3 21. Rab1 Re6 22. Nxb3 Nb7 23. Nb5 Bd8 24. Rc8 Kf8 25. Rbc1 Ke7 26. R1c6 Nd6 27. Nxd6 Rdxd6 28. Rxd6 Rxd6 29. h4 Kd7 30. Rc2 Bxh4 31. Ke2 Bd8 32. f3 f5 33. Nc1 Re6 34. Nd3 Bc7 35. f4 1/2-1/2

[Event "Senigallia Perini Memorial 3rd"]
[Site "Senigallia"]
[Date "2009.08.01"]
[Round "1"]
[White "Mazzariol, Oscar"]
[Black "Boraso, Alessio"]
[Result "1-0"]
[WhiteElo "2067"]
[BlackElo "1862"]
[PlyCount "89"]
[EventDate "2009.08.01"]
[EventType "swiss"]
[EventRounds "9"]
[EventCountry "ITA"]
[SourceTitle "EXT 2010"]
[Source "ChessBase"]
[SourceDate "2010.11.25"]
[SourceVersion "1"]
[SourceVersionDate "2010.11.25"]
[SourceQuality "1"]

1. d4 Nf6 2. c4 g6 3. Nc3 Bg7 4. e4 d6 5. Nf3 0-0 6. Bg5 h6 7. Bh4 Nbd7 8. Be2 e5 9. d5 a5 10. 0-0 Nc5 11. Nd2 g5 12. Bg3 Ne8 13. Bg4 Bxg4 14. Qxg4 Nd3 15. b3 Nf4 16. Qd1 h5 17. f3 Qf6 18. Bf2 Qh6 19. Be3 f5 20. Qc2 g4 21. Kh1 Qg6 22. g3 Nh3 23. fxg4 fxg4 24. Rxf8+ Bxf8 25. Rf1 Bh6 26. Nd1 Nf6 27. c5 Ng5 28. Bxg5 Bxg5 29. cxd6 cxd6 30. Re1 Nxd5 31. Qc4 Bxd2 32. Qxd5+ Qf7 33. Qxd2 Rc8 34. Kg1 Qg6 35. Qxa5 Qh6 36. Qd5+ Kh8 37. Ne3 Rc1 38. Qd2 Rc8 39. Rd1 Ra8 40. Nf5 Qf6 41. a4 d5 42. Qxd5 Qb6+ 43. Kg2 Qc7 44. Rc1 Qa5 45. Rc5 1-0

[Event "Corsico op-A 40th"]
[Site "Corsico"]
[Date "2009.05.02"]
[Round "3"]
[White "Bonazzi, Edoardo"]
[Black "Mazzariol, Oscar"]
[Result "1-0"]
[WhiteElo "2179"]
[BlackElo "2062"]
[PlyCount "64"]
[EventDate "2009.05.01"]
[EventType "swiss"]
[EventRounds "6"]
[EventCountry "ITA"]
[SourceTitle "EXT 2011"]
[Source "ChessBase"]
[SourceDate "2010.11.26"]
[SourceVersion "1"]
[SourceVersionDate "2010.11.26"]
[SourceQuality "1"]

1. Nf3 Nf6 2. c4 g6 3. Nc3 Bg7 4. g3 d6 5. Bg2 e5 6. 0-0 0-0 7. d3 c6 8. Rb1 a5 9. a3 Na6 10. b4 axb4 11. axb4 Nc7 12. b5 c5 13. Bg5 h6 14. Bxf6 Bxf6 15. Nd2 Bg7 16. Nd5 Nxd5 17. Bxd5 Qe7 18. Ne4 Kh7 19. Nc3 Ra3 20. Rb3 Rxb3 21. Qxb3 f5 22. Bg2 e4 23. Nd5 Qe5 24. Qc2 exd3 25. Qxd3 Be6 26. Nf4 b6 27. Rd1 Rd8 28. Bd5 Bc8 29. Bf7 g5 30. Nd5 Bb7 31. Nxb6 Be4 32. Qd2 Rb8 1-0

[Event "Corsico op-A 40th"]
[Site "Corsico"]
[Date "2009.05.01"]
[Round "2"]
[White "Mazzariol, Oscar"]
[Black "Cazzaniga, Walter"]
[Result "1/2-1/2"]
[WhiteElo "2062"]
[BlackElo "2192"]
[PlyCount "41"]
[EventDate "2009.05.01"]
[EventType "swiss"]
[EventRounds "6"]
[EventCountry "ITA"]
[SourceTitle "EXT 2011"]
[Source "ChessBase"]
[SourceDate "2010.11.26"]
[SourceVersion "1"]
[SourceVersionDate "2010.11.26"]
[SourceQuality "1"]

1. d4 Nf6 2. c4 g6 3. Nc3 d5 4. cxd5 Nxd5 5. e4 Nxc3 6. bxc3 Bg7 7. Bc4 c5 8. Ne2 0-0 9. Be3 Nc6 10. Rc1 Na5 11. Bd3 b6 12. h4 h5 13. e5 e6 14. Nf4 Bb7 15. Nxh5 gxh5 16. Qxh5 f5 17. exf6 Rxf6 18. Rh3 Qe8 19. Qh7+ Kf7 20. Rg3 Qh8 21. Bg5 1/2-1/2

[Event "Bratto op-A 28th"]
[Site "Bratto"]
[Date "2008.08.25"]
[Round "4"]
[White "Mazzariol, Oscar"]
[Black "Cardilli, Mariano"]
[Result "0-1"]
[WhiteElo "2080"]
[BlackElo "2100"]
[PlyCount "46"]
[EventDate "2008.08.22"]
[EventType "swiss"]
[EventRounds "9"]
[EventCountry "ITA"]
[SourceTitle "CBM 126 Extra"]
[Source "ChessBase"]
[SourceDate "2008.11.05"]
[SourceVersion "1"]
[SourceVersionDate "2008.11.05"]
[SourceQuality "1"]

1. d4 d5 2. c4 c6 3. Nc3 Nf6 4. Nf3 dxc4 5. e4 b5 6. e5 Nd5 7. a4 e6 8. axb5 Nxc3 9. bxc3 cxb5 10. Be2 Bb7 11. Rb1 Bc6 12. Bg5 Be7 13. Bxe7 Qxe7 14. 0-0 0-0 15. d5 Bxd5 16. Rxb5 Nc6 17. Qa4 Rac8 18. Rfb1 Rc7 19. Re1 h6 20. Rb2 Rd8 21. Rd2 Rb8 22. Bd1 Rb1 23. Nd4 Bxg2 0-1

[Event "Bratto op-A 27th"]
[Site "Bratto"]
[Date "2007.08.25"]
[Round "3"]
[White "Mazzariol, Oscar"]
[Black "Fontana, Enrico"]
[Result "0-1"]
[WhiteElo "2035"]
[BlackElo "2128"]
[PlyCount "54"]
[EventDate "2007.08.23"]
[EventType "swiss"]
[EventRounds "9"]
[EventCountry "ITA"]
[SourceTitle "CBM 120 Extra"]
[Source "ChessBase"]
[SourceDate "2007.11.01"]
[SourceVersion "1"]
[SourceVersionDate "2007.11.01"]
[SourceQuality "1"]

1. d4 g6 2. c4 Bg7 3. Nc3 d6 4. e4 e6 5. Be3 Ne7 6. f3 Nd7 7. Qd2 h6 8. b4 e5 9. d5 a5 10. Nb5 axb4 11. Qxb4 b6 12. a4 0-0 13. Ne2 f5 14. Nec3 fxe4 15. Nxe4 Nf5 16. Bf2 Nc5 17. Be2 Nd4 18. Nxd4 exd4 19. Ra3 Qe8 20. 0-0 Rxa4 21. Rxa4 Qxa4 22. Qd2 Bf5 23. Bxd4 Nb3 24. Qd1 Bxd4+ 25. Kh1 Bxe4 26. fxe4 Rxf1+ 27. Bxf1 Qa1 0-1

[Event "Porto Mannu op"]
[Site "Porto Mannu"]
[Date "2007.05.24"]
[Round "7"]
[White "Kekki, Petri"]
[Black "Mazzariol, Oscar"]
[Result "1-0"]
[WhiteElo "2366"]
[BlackElo "2018"]
[PlyCount "95"]
[EventDate "2007.05.19"]
[EventType "swiss"]
[EventRounds "9"]
[EventCountry "ITA"]
[SourceTitle "CBM 118 Extra"]
[Source "ChessBase"]
[SourceDate "2007.07.04"]
[SourceVersion "1"]
[SourceVersionDate "2007.07.04"]
[SourceQuality "1"]

1. d4 Nf6 2. Bg5 e6 3. e4 h6 4. Bxf6 Qxf6 5. Nf3 d6 6. Nc3 a6 7. Qd2 g6 8. 0-0-0 Bg7 9. Kb1 Nd7 10. h4 b5 11. Bd3 Bb7 12. Rhe1 0-0 13. e5 Qe7 14. Qf4 Rfd8 15. Ne4 Bxe4 16. Qxe4 d5 17. Qe3 c5 18. dxc5 Nxc5 19. h5 g5 20. Nd4 Rdc8 21. f4 gxf4 22. Qxf4 Qg5 23. Qh2 Nd7 24. Nf3 Qg4 25. Re3 Rc6 26. Be2 Qa4 27. Nd4 Rac8 28. Nxc6 Rxc6 29. Bd3 f6 30. exf6 Bxf6 31. Qg3+ Kf8 32. Rf1 Ke7 33. Rxf6 Kxf6 34. Rf3+ Ke7 35. Qg7+ Kd8 36. Qxh6 Kc7 37. Qf4+ Qxf4 38. Rxf4 e5 39. Rh4 e4 40. Be2 Rf6 41. h6 Rf8 42. g4 Ne5 43. g5 Ng6 44. Rh1 e3 45. Kc1 Kd6 46. Bd3 Nf4 47. g6 e2 48. Re1 1-0

[Event "Bratto op 26th"]
[Site "Bratto"]
[Date "2006.08.26"]
[Round "8"]
[White "Mazzariol, Oscar"]
[Black "Salmoiraghi, Angelo"]
[Result "0-1"]
[WhiteElo "2066"]
[BlackElo "2015"]
[PlyCount "62"]
[EventDate "2006.08.19"]
[EventType "swiss"]
[EventRounds "9"]
[EventCountry "ITA"]
[SourceTitle "CBM 113 Extra"]
[Source "ChessBase"]
[SourceDate "2006.09.14"]
[SourceVersion "1"]
[SourceVersionDate "2006.09.14"]
[SourceQuality "1"]

1. d4 d5 2. Nf3 Nf6 3. Bg5 Ne4 4. Bf4 Bf5 5. e3 e6 6. Bd3 Bd6 7. 0-0 Nd7 8. Ne5 f6 9. f3 fxe5 10. dxe5 Bxe5 11. fxe4 dxe4 12. Bxe5 Nxe5 13. Bb5+ c6 14. Qh5+ g6 15. Qh6 Nf7 16. Qg7 cxb5 17. Nc3 Qg5 18. Nxb5 Qxe3+ 19. Kh1 Qc5 20. c4 a6 21. b4 Qe5 22. Qxe5 Nxe5 23. Nc7+ Ke7 24. Nxa8 Rxa8 25. c5 Nc6 26. h3 h5 27. Rfe1 Nxb4 28. Reb1 a5 29. a3 e3 30. Rb2 Nc2 31. Rxb7+ Kf6 0-1

[Event "Milan Crespi op 26th"]
[Site "Milan"]
[Date "2005.12.11"]
[Round "7"]
[White "Salmoiraghi, Angelo"]
[Black "Mazzariol, Oscar"]
[Result "1-0"]
[WhiteElo "1959"]
[BlackElo "2065"]
[PlyCount "53"]
[EventDate "2005.12.07"]
[EventType "swiss"]
[EventRounds "7"]
[EventCountry "ITA"]
[SourceTitle "EXT 2007"]
[Source "ChessBase"]
[SourceDate "2006.11.23"]
[SourceVersion "1"]
[SourceVersionDate "2006.11.23"]
[SourceQuality "1"]

1. e4 c6 2. d4 d6 3. Nc3 Nd7 4. Bc4 Ngf6 5. e5 dxe5 6. dxe5 Nxe5 7. Qxd8+ Kxd8 8. Bb3 Ke8 9. Bf4 Ng6 10. Bg3 Bf5 11. 0-0-0 e6 12. f3 Bc5 13. Nge2 Ne7 14. Be5 Rg8 15. g4 Bg6 16. h4 h5 17. g5 Nfd5 18. Ne4 Bxe4 19. fxe4 Ne3 20. Rd3 Ng4 21. Bg3 Nf2 22. Bxf2 Bxf2 23. Rf3 Bc5 24. Rhf1 Ng6 25. Rxf7 Rf8 26. Bxe6 Nxh4 27. Bd7+ 1-0

[Event "Milan Crespi op 26th"]
[Site "Milan"]
[Date "2005.12.10"]
[Round "6"]
[White "Mazzariol, Oscar"]
[Black "Kopischke, Maik"]
[Result "1-0"]
[WhiteElo "2065"]
[BlackElo "2007"]
[PlyCount "93"]
[EventDate "2005.12.07"]
[EventType "swiss"]
[EventRounds "7"]
[EventCountry "ITA"]
[SourceTitle "EXT 2007"]
[Source "ChessBase"]
[SourceDate "2006.11.23"]
[SourceVersion "1"]
[SourceVersionDate "2006.11.23"]
[SourceQuality "1"]

1. d4 Nf6 2. Nf3 e6 3. Bg5 Be7 4. Nbd2 d5 5. e3 Nbd7 6. Bd3 c5 7. c3 b6 8. Ne5 Nxe5 9. dxe5 Nd7 10. Bf4 a5 11. Qe2 Bb7 12. 0-0 Qc8 13. a4 Qc6 14. Bb5 Qc8 15. Qg4 g6 16. Bh6 Bc6 17. f4 Bxb5 18. axb5 Qd8 19. Qh3 Bf8 20. e4 Bxh6 21. Qxh6 Qe7 22. exd5 exd5 23. Nf3 0-0-0 24. Qh3 Qe6 25. Qxe6 fxe6 26. Ng5 Rdf8 27. b4 cxb4 28. cxb4 axb4 29. Nxe6 Re8 30. Rfc1+ Kb8 31. Nd4 Kb7 32. Ra4 Nc5 33. Raa1 Ra8 34. Rab1 Ra2 35. Rd1 Ra4 36. Rb2 Ne4 37. g3 Nc3 38. Rd3 Rha8 39. Kg2 Kc7 40. Nc6 Nxb5 41. Nxb4 Kb7 42. Rxd5 Nc7 43. Rd7 R8a5 44. Rxh7 Rb5 45. Rc2 Rc5 46. Rxc5 bxc5 47. Nd5 1-0

[Event "Milan Crespi op 26th"]
[Site "Milan"]
[Date "2005.12.08"]
[Round "2"]
[White "Crimi, Alessandro"]
[Black "Mazzariol, Oscar"]
[Result "1-0"]
[WhiteElo "1940"]
[BlackElo "2065"]
[PlyCount "91"]
[EventDate "2005.12.07"]
[EventType "swiss"]
[EventRounds "7"]
[EventCountry "ITA"]
[SourceTitle "EXT 2007"]
[Source "ChessBase"]
[SourceDate "2006.11.23"]
[SourceVersion "1"]
[SourceVersionDate "2006.11.23"]
[SourceQuality "1"]

1. d4 Nf6 2. c4 g6 3. Nc3 Bg7 4. e4 d6 5. f4 0-0 6. Nf3 c5 7. d5 e6 8. Be2 exd5 9. cxd5 a6 10. a4 Re8 11. e5 dxe5 12. fxe5 Ng4 13. Bg5 f6 14. exf6 Bxf6 15. Bxf6 Qxf6 16. 0-0 Ne3 17. Qd2 Nxf1 18. Rxf1 Bf5 19. Bc4 Qd6 20. Qh6 Nd7 21. Ng5 Nf6 22. g4 Bxg4 23. Rxf6 Qxf6 24. d6+ Be6 25. Bxe6+ Rxe6 26. Qxh7+ Kf8 27. Nxe6+ Qxe6 28. Qh8+ Qg8 29. Qe5 Qc4 30. Qe7+ Kg8 31. Ne4 Qd4+ 32. Kg2 Qxb2+ 33. Kg3 Rf8 34. d7 Qb3+ 35. Kh4 Qf7 36. Nf6+ Kg7 37. Ne8+ Kg8 38. Qxf7+ Kxf7 39. d8Q Rxe8 40. Qd5+ Kf6 41. Qxb7 Re6 42. Qd5 c4 43. Qxc4 Kf5 44. Qg4+ Ke5 45. Kg5 Kd5 46. Qxe6+ 1-0